<?xml version="1.0" encoding="UTF-8"?>
<collection xmlns="http://www.loc.gov/MARC21/slim">
 <record>
  <leader>     na                 </leader>
  <controlfield tag="001">INLIS000000000694187</controlfield>
  <controlfield tag="005">20221005085859</controlfield>
  <datafield tag="035" ind1=" " ind2=" ">
   <subfield code="a">0010-0622000045</subfield>
  </datafield>
  <controlfield tag="007">ta</controlfield>
  <controlfield tag="008">221005                g          0 ind  </controlfield>
  <datafield tag="040" ind1=" " ind2=" ">
   <subfield code="a">JIPUBAY</subfield>
  </datafield>
  <datafield tag="100" ind1="0" ind2=" ">
   <subfield code="a">Pertiwi Banyu Biru</subfield>
  </datafield>
  <datafield tag="245" ind1="1" ind2=" ">
   <subfield code="a">Budidaya pepaya /</subfield>
   <subfield code="c">Pertiwi Banyu Biru, S.P.</subfield>
  </datafield>
  <datafield tag="250" ind1=" " ind2=" ">
   <subfield code="a">Cet, I</subfield>
  </datafield>
  <datafield tag="300" ind1=" " ind2=" ">
   <subfield code="a">72 hlm :</subfield>
   <subfield code="b">Ilust ;</subfield>
   <subfield code="c">21 cm</subfield>
  </datafield>
  <datafield tag="020" ind1=" " ind2=" ">
   <subfield code="a">978-623-97732-9-8</subfield>
  </datafield>
  <datafield tag="082" ind1=" " ind2=" ">
   <subfield code="a">634.6</subfield>
  </datafield>
  <datafield tag="084" ind1=" " ind2=" ">
   <subfield code="a">634.6 PER b</subfield>
  </datafield>
  <datafield tag="260" ind1=" " ind2=" ">
   <subfield code="a">Jogjakarta :</subfield>
   <subfield code="b">New Vita Pustaka,</subfield>
   <subfield code="c">2022</subfield>
  </datafield>
  <datafield tag="500" ind1=" " ind2=" ">
   <subfield code="a">Pepaya, atau betik adalah tumbuhan yang diperkirakan berasal dari Meksiko bagian selatan dan bagian utara dari Amerika Selatan. Pepaya kini telah menyebar luas dan banyak ditanam di seluruh daerah tropis untuk diambil buahnya. C. papaya adalah satu-satunya jenis dalam genus Carica.Tanaman pepaya (Carica papaya L.) merupakan tanaman buah-buahan tropika berupa herba dari famili Caricaceae. Nama pepaya di dalam bahasa Indonesia berasal dari bahasa Belanda yaitu papaja, dan kemudian mengadopsi dari bahasa arawak yaitu papaya. Namun aslinya, dalam bahasa jawa disebut pepaya atau kates.</subfield>
  </datafield>
  <datafield tag="650" ind1=" " ind2="4">
   <subfield code="a">Budidaya pepaya</subfield>
  </datafield>
  <datafield tag="850" ind1=" " ind2=" ">
   <subfield code="a">JIPUBAY</subfield>
  </datafield>
  <datafield tag="990" ind1=" " ind2=" ">
   <subfield code="a">506200/DPKBWI/2022</subfield>
  </datafield>
  <datafield tag="990" ind1=" " ind2=" ">
   <subfield code="a">506201/DPKBWI/2022</subfield>
  </datafield>
 </record>
</collection>
